000 00339nam a2200145Ia 4500
008 230718s9999 xx 000 0 und d
041 _aEng.
082 _a340
_bCH,-P
100 _aCh, M. Bashis
245 0 _aPakistan law Journel (1990)
260 _aPakistan
_bPunjab bar Concil
_c1990
300 _a584
650 _aLaw
999 _c27365
_d27365